[Event "SVK-ch U14 Girls"]
[Site "Stara Lubovna"]
[Date "2014.04.05"]
[Round "1"]
[White "Sromovska, Livia"]
[Black "Bobrova, Katarina"]
[Result "1-0"]
[WhiteElo "1658"]
[BlackElo "1250"]
[PlyCount "53"]
[EventDate "2014.04.05"]
[EventType "swiss"]
[EventRounds "7"]
[EventCountry "SVK"]
[SourceTitle "EXT 2016"]
[Source "ChessBase"]
[SourceDate "2015.10.08"]
[SourceVersion "1"]
[SourceVersionDate "2015.10.08"]
[SourceQuality "1"]

1. c4 d6 2. Nc3 Nf6 3. g3 g6 4. Bg2 Bg7 5. e3 0-0 6. Nge2 c6 7. 0-0 d5 8. cxd5 cxd5 9. d4 Bf5 10. Qb3 e6 11. Qxb7 Nbd7 12. Nf4 Rb8 13. Qxa7 e5 14. Nfxd5 Nxd5 15. Nxd5 Nf6 16. Ne7+ Kh8 17. Nc6 Qc8 18. Nxb8 Bh3 19. dxe5 Bxg2 20. Kxg2 Qe6 21. exf6 Qd5+ 22. Kg1 Bxf6 23. Nd7 Ra8 24. Nxf6 Qc6 25. Qd4 Kg7 26. Nd5+ Kf8 27. Qh8# 1-0

[Event "SVK-ch U12 Girls"]
[Site "Lubovna"]
[Date "2013.04.10"]
[Round "6"]
[White "Bobrova, Katarina"]
[Black "Cabanova, Kristina"]
[Result "0-1"]
[WhiteElo "1000"]
[BlackElo "1000"]
[PlyCount "96"]
[EventDate "2013.04.06"]
[EventType "swiss"]
[EventRounds "9"]
[EventCountry "SVK"]
[SourceTitle "CBM 153 Extra"]
[Source "ChessBase"]
[SourceDate "2013.04.22"]
[SourceVersion "1"]
[SourceVersionDate "2013.04.22"]
[SourceQuality "1"]

1. e4 e5 2. Nf3 Nc6 3. d3 Nf6 4. Nc3 Bc5 5. Be3 Bxe3 6. fxe3 Ng4 7. Qe2 0-0 8. g3 d6 9. Bh3 g6 10. 0-0-0 Nb4 11. d4 Be6 12. d5 Bd7 13. Nb5 c6 14. Na3 Nxa2+ 15. Kb1 Nb4 16. c3 Na6 17. dxc6 Bxc6 18. Qd3 Nf2 19. Qf1 Bxe4+ 20. Ka1 Nxd1 21. Qxd1 Nc5 22. Rf1 Bd3 23. Re1 Qb6 24. b4 e4 25. bxc5 Qxc5 26. Qc1 exf3 27. Rd1 Be4 28. Rd4 f2 29. Rxe4 Qh5 30. Bg4 Qc5 31. Rf4 Rac8 32. Bxc8 Rxc8 33. c4 d5 34. Qc3 dxc4 35. Nxc4 b5 36. Rd4 bxc4 37. Rd7 f1Q+ 38. Kb2 Qb5+ 39. Kc2 Qxd7 40. e4 Qfd1+ 41. Kb2 Rb8+ 42. Ka3 Q7d6+ 43. Ka2 Qa6+ 44. Qa3 Qe2+ 45. Ka1 Qb6 46. Qa2 Qbe3 47. Qxc4 Qe1+ 48. Qc1 Q1xc1+ 0-1

[Event "SVK-ch U12 Girls"]
[Site "Lubovna"]
[Date "2013.04.08"]
[Round "3"]
[White "Majirska, Karin"]
[Black "Bobrova, Katarina"]
[Result "1-0"]
[WhiteElo "1000"]
[BlackElo "1000"]
[PlyCount "65"]
[EventDate "2013.04.06"]
[EventType "swiss"]
[EventRounds "9"]
[EventCountry "SVK"]
[SourceTitle "CBM 153 Extra"]
[Source "ChessBase"]
[SourceDate "2013.04.22"]
[SourceVersion "1"]
[SourceVersionDate "2013.04.22"]
[SourceQuality "1"]

1. e4 e5 2. Bc4 Qe7 3. Nf3 Nc6 4. d3 Nf6 5. Bg5 d5 6. Bxd5 Qc5 7. Bxf6 Be7 8. Bxg7 Qb4+ 9. Nc3 Bc5 10. 0-0 Rg8 11. Bxe5 Bb6 12. Bxc6+ bxc6 13. d4 Qe7 14. d5 cxd5 15. Nxd5 Qe6 16. Bxc7 Qg6 17. Nh4 Qg5 18. g3 Ba6 19. Bf4 Qg7 20. Re1 Bd4 21. Nc7+ Kd8 22. Nxa8 Qf6 23. Be3 Qe5 24. Bxd4 Qb8 25. Bxa7+ Kc8 26. Bxb8 Kxb8 27. Nb6 Bb7 28. Qd6+ Ka7 29. Rad1 Ka6 30. Nc4+ Ka7 31. Qb6+ Kb8 32. Nd6 f6 33. Qxb7# 1-0